000 00685nas a2200241 4500
001 BR7704164
003 BR-BrBNA
005 20231205083216.0
007 ta
008 230509b bl.|||p| |||| 00| 00por d
040 _aBR-BrBNA
_bpor
_cBiblioteca Nacional de Agricultura
041 _a(Pt)
072 _aL00
100 1 _aCassal, J. da L.
100 1 _aNeutzling, C.F.M.
100 1 _aZanotta Junior, R.L.
245 1 _aCriacao de femeas leiteiras [Vacas leiteiras]
650 _aVACA LEITEIRA
650 _aCRIACAO
773 0 _tAgros (Brazil)
_xISSN 0365-2742
_g(Dec 1977), v. 12(2-3) p. 7-25
_wBR7704164
909 _a202311
_bLúcia
_c55
_dLúcia Elande
942 _2AGRIS
_n0
_cANA
999 _c97162
_d97162